000 00384nam a2200145Ia 4500
008 210210b1989 xxu||||| |||| 00| 0 eng d
082 _a324.2092K GORI
100 _aGOREV (Alexandar).
245 _aIndira Gandhi: deshabhimani, horatagati, manavatavadi.
260 _aMadras
_bSoviet Nadu
_c1989
300 _a51
650 _aIndira Gandhi
690 _aBiography
906 _a043010
999 _c92779
_d92779